[Event "Valasska Bystrice op"]
[Site "Valasska Bystrice"]
[Date "2015.09.18"]
[Round "8"]
[White "Mudry, Jan"]
[Black "Feix, Jiri"]
[Result "1-0"]
[WhiteElo "1737"]
[BlackElo "1235"]
[PlyCount "55"]
[EventDate "2015.09.12"]
[EventType "swiss"]
[EventRounds "9"]
[EventCountry "CZE"]
[SourceTitle "EXT 2016"]
[Source "ChessBase"]
[SourceDate "2015.10.08"]
[SourceVersion "1"]
[SourceVersionDate "2015.10.08"]
[SourceQuality "1"]

1. e4 e5 2. Bc4 Nc6 3. Nf3 h6 4. 0-0 Nf6 5. d3 Bc5 6. h3 d6 7. Bb5 Bd7 8. c3 a6 9. Ba4 b5 10. Bb3 Be6 11. Bc2 Ne7 12. Re1 Qb8 13. d4 exd4 14. cxd4 Bb6 15. Be3 Qa7 16. a4 Bd7 17. a5 c5 18. axb6 Qxb6 19. d5 0-0 20. b4 Rfd8 21. Qc1 Kf8 22. Bxh6 gxh6 23. Qxh6+ Ke8 24. Qxf6 Ng8 25. Qg7 Ke7 26. Nh4 Nh6 27. Ng6+ Ke8 28. Nh8 1-0

[Event "Valasska Bystrice op"]
[Site "Valasska Bystrice"]
[Date "2015.09.14"]
[Round "4"]
[White "Barinka, Miroslav"]
[Black "Feix, Jiri"]
[Result "1/2-1/2"]
[WhiteElo "1727"]
[BlackElo "1235"]
[PlyCount "87"]
[EventDate "2015.09.12"]
[EventType "swiss"]
[EventRounds "9"]
[EventCountry "CZE"]
[SourceTitle "EXT 2016"]
[Source "ChessBase"]
[SourceDate "2015.10.08"]
[SourceVersion "1"]
[SourceVersionDate "2015.10.08"]
[SourceQuality "1"]

1. b3 e5 2. Bb2 Nc6 3. g3 Bc5 4. Bg2 Nge7 5. e3 d6 6. Ne2 a6 7. Nbc3 Bd7 8. 0-0 Rb8 9. Ne4 Ba7 10. c4 f5 11. Ng5 h6 12. Nh3 Qc8 13. d4 f4 14. Nhxf4 exf4 15. Nxf4 Nf5 16. d5 Nce7 17. e4 0-0 18. exf5 Rxf5 19. Qd2 Qf8 20. Rae1 b5 21. Ne6 Bxe6 22. Rxe6 bxc4 23. bxc4 Rxf2 24. Rxf2 Qxf2+ 25. Qxf2 Bxf2+ 26. Kxf2 Rxb2+ 27. Re2 Rxe2+ 28. Kxe2 Nc8 29. Kd3 Nb6 30. Bf1 a5 31. Kd4 Na4 32. Bd3 Kf7 33. Bc2 Nc5 34. h4 h5 35. Ke3 Kf6 36. Kf4 Nd7 37. Bd1 g6 38. g4 hxg4 39. Bxg4 Ne5 40. Be2 Nf7 41. Ke4 Ne5 42. Kd4 Nd7 43. Bg4 Nc5 44. Be2 1/2-1/2